000 01001nam a2200277Ia 4500
003 OSt
005 20221005110719.0
006 a|||||r|||| 00| 0
007 ta
008 221004b |||||||| |||| 00| 0 hin d
020 _a9788126707447 (hbk)
_c350
024 _a9788
037 _bBR7982, 13/03/2014, Rajkamal Prakashan Pvt. Ltd.
_cTextual
040 _aCRL
_cCRL
_bhin
041 _2hin
_ahin
082 _aO152,1:g, K8;Q3
100 _aनामवर सिंह
245 0 _aकविता के नए प्रतिमान
246 _aKavitā ke nae pratimāna
250 _a9 वॉं संस्करण
260 _aनई दिल्ली
_bराजकमल प्रकाशन भारत
_c2013
300 _a251पृ0
_ccm.
650 _aहिन्दी साहित्य
942 _hO152,1:g, K8;Q3
_cTEXL
_2cc
999 _c1019655
_d1019655